| 000 | 00468cam a2200181 4500 | ||
|---|---|---|---|
| 001 | J962 | ||
| 008 | 090401t1990 xxu||||| |||| 00| 0 eng d | ||
| 035 | _a(Sirsi) u48305 | ||
| 041 | _aeng | ||
| 110 |
_aUnited Kingdom _kLaws, etc _95044 |
||
| 245 | _aPlanning (Listed Buildings and Conservation Areas) Act 1990. | ||
| 260 | _c1990 | ||
| 300 | _a189p. ; 24cm. | ||
| 350 | _a0 | ||
| 520 | _aFrom Current Law Statutes Annotated. | ||
| 942 | _n0 | ||
| 948 | _c04/03/1997 | ||
| 999 |
_c92318 _d92318 |
||